<?xml version="1.0" encoding="UTF-8"?>
<collection xmlns="http://www.loc.gov/MARC21/slim">
 <record>
  <leader>00391pamaa2200133   4500</leader>
  <controlfield tag="001">0000040818</controlfield>
  <controlfield tag="005">20060717090000.0</controlfield>
  <datafield tag="020" ind1="0" ind2="0">
   <subfield code="a">967978925X (pbk) </subfield>
  </datafield>
  <datafield tag="090" ind1="0" ind2="0">
   <subfield code="a">RA784 </subfield>
   <subfield code="b">CHI 2006</subfield>
  </datafield>
  <datafield tag="100" ind1="1" ind2="0">
   <subfield code="a">CHIA </subfield>
  </datafield>
  <datafield tag="245" ind1="1" ind2="0">
   <subfield code="a">You're what you eat : </subfield>
   <subfield code="b">your healthy lifestyle guide  </subfield>
   <subfield code="c">Chia Joo Suan.</subfield>
  </datafield>
  <datafield tag="260" ind1="0" ind2="0">
   <subfield code="a">Kuala Lumpur: </subfield>
   <subfield code="b">Pelanduk Publications, </subfield>
   <subfield code="c">2006.</subfield>
  </datafield>
  <datafield tag="300" ind1=" " ind2=" ">
   <subfield code="a">230p.; </subfield>
   <subfield code="c">25 cm.</subfield>
  </datafield>
  <datafield tag="650" ind1="0" ind2="0">
   <subfield code="a">Food -- </subfield>
   <subfield code="x">Health aspects </subfield>
  </datafield>
 </record>
</collection>
